000 00496nam a2200193Ia 4500
005 20140402110509.0
008 140130s9999 xx 000 0 und d
020 _a0590960016
050 _aF 128.47
_b.M48 1999
100 _aMcGovern, Ann
_95437
245 _cAnn McGovern.
_aIf you lived 100 years ago /
260 _bScholastic,
_c1999.
_aUSA :
300 _a80 p. :
_bcol. ill. ;
_c19 cm.
440 _v1
_931174
521 _aG5
526 _c770
942 _cBK
_2lcc
999 _c41110
_d41110